| 000 | 00863pam a2200277 a 4500 | ||
|---|---|---|---|
| 001 | 013630187 | ||
| 003 | OSt | ||
| 005 | 20201128021030.0 | ||
| 008 | 061118s2007 xxkak frb 001 0 eng d | ||
| 020 | _a9780273704140 (pbk.) | ||
| 020 | _a0273704141 (pbk.) | ||
| 040 |
_aStDuBDS _beng _cStDuBDS _dUk |
||
| 082 | 0 | 4 |
_a658.406 _222 _bCAR |
| 100 | 1 |
_aCarnall, C. A. _q(Colin A.) _934981 |
|
| 245 | 1 | 0 |
_aManaging change in organizations / _cColin A. Carnall. |
| 250 | _a5th ed. | ||
| 260 |
_aHarlow, United States : _bFinancial Times Prentice Hall, _c2007. |
||
| 300 |
_axvi, 365 p. : _bforms, tables ; _c25 cm. |
||
| 500 | _aIndex : p. 355-365. | ||
| 504 | _aBibliography : p. 345-354. | ||
| 650 | 0 |
_aOrganizational change _9885 |
|
| 650 | 0 |
_aStrategic planning _91643 |
|
| 653 |
_bCS _cJanuary2014 |
||
| 655 |
_vreading book _934232 |
||
| 942 |
_2ddc _k658.406 CAR |
||
| 999 |
_c17991 _d17963 |
||